[Event "Druga Liga CS - Istok"]
[Site "?"]
[Date "2006.10.26"]
[Round "7.1"]
[White "Lukic, Igor"]
[Black "Mitrovic, Darko"]
[Result "0-1"]
[WhiteElo "2087"]
[BlackElo "2329"]
[PlyCount "44"]
[EventDate "2006.09.09"]

1. e4 e6 2. d4 d5 3. Nd2 Nf6 4. e5 Nfd7 5. f4 c5 6. c3 Nc6 7. Ndf3 cxd4 8. cxd4
Qb6 9. Ne2 f6 10. Nc3 Be7 11. Bd3 fxe5 12. fxe5 O-O 13. Rf1 Kh8 14. Bb1 Rxf3
15. Rxf3 Qxd4 16. Qxd4 Nxd4 17. Rf7 Nc6 18. Nb5 Ndxe5 19. Rf4 Bd7 20. Bd2 a6
21. Nc3 Nc4 22. h4 e5 0-1

[Event "Druga Liga CS - Istok"]
[Site "?"]
[Date "2006.10.26"]
[Round "7.1"]
[White "Zivic, Dragan"]
[Black "Petrovic, Dragan"]
[Result "1-0"]
[WhiteElo "2294"]
[BlackElo "2102"]
[PlyCount "77"]
[EventDate "2006.09.09"]

1. e4 c5 2. Nf3 e6 3. d4 cxd4 4. Nxd4 a6 5. Nc3 Nc6 6. Be2 d6 7. O-O Nf6 8. Be3
Be7 9. f4 Qc7 10. Kh1 O-O 11. Qe1 Nxd4 12. Bxd4 b5 13. e5 Nd7 14. exd6 Bxd6 15.
Qg3 g6 16. Ne4 Be7 17. Rf3 Bb7 18. Rc3 Qd8 19. Bf3 Bd5 20. Ng5 Bxf3 21. Rxf3 e5
22. Be3 exf4 23. Bxf4 Nf6 24. Rd3 Nh5 25. Qe3 Qe8 26. Ne4 Nxf4 27. Qxf4 Qc6 28.
Rc3 Qe6 29. Re3 f5 30. Nc3 Qf7 31. Rd1 Rad8 32. Red3 Rxd3 33. Rxd3 Bf6 34. Nd5
Bg7 35. b3 Re8 36. Re3 Rxe3 37. Nxe3 h6 38. g3 Kh7 39. h4 1-0

[Event "Druga Liga CS - Istok"]
[Site "?"]
[Date "2006.10.26"]
[Round "7.1"]
[White "Jovanovic, Miroslav"]
[Black "Savic, Goran"]
[Result "0-1"]
[WhiteElo "2104"]
[BlackElo "2116"]
[PlyCount "76"]
[EventDate "2006.09.09"]

1. d4 d6 2. c3 Nf6 3. Bg5 Nbd7 4. Nd2 g6 5. e4 Bg7 6. f4 O-O 7. e5 Nd5 8. Qf3
N7b6 9. exd6 cxd6 10. Bd3 Nf6 11. h3 Qc7 12. Ne2 Bd7 13. O-O a5 14. f5 a4 15.
a3 Ra5 16. Bxf6 Bxf6 17. fxg6 hxg6 18. Ng3 Bg7 19. Qe2 e5 20. dxe5 Rxe5 21. Qf2
d5 22. Nf3 Re6 23. Ne2 Nc4 24. Ned4 Rb6 25. Bxc4 Qxc4 26. Rae1 Qc5 27. Ne5 Bc8
28. Nd3 Qc7 29. Nb4 Qd8 30. Re2 Rf6 31. Qe3 Qd6 32. Rxf6 Bxf6 33. Rd2 Rd8 34.
Qf3 Bxd4+ 35. Rxd4 Be6 36. Kf2 Qe5 37. Qe3 Qf6+ 38. Qf3 Qg5 0-1

[Event "Druga Liga CS - Istok"]
[Site "?"]
[Date "2006.10.26"]
[Round "7.1"]
[White "Filipovic, Slobodan"]
[Black "Djukic, Nebojsa"]
[Result "0-1"]
[WhiteElo "2231"]
[BlackElo "2182"]
[PlyCount "46"]
[EventDate "2006.09.09"]

1. e4 e6 2. d4 d5 3. Nd2 Nf6 4. e5 Nfd7 5. Bd3 c5 6. c3 Nc6 7. Ne2 Qb6 8. Nf3
cxd4 9. cxd4 f6 10. exf6 Nxf6 11. O-O Bd6 12. Bf4 Bxf4 13. Nxf4 O-O 14. Re1 Ne4
15. Bxe4 Rxf4 16. Bd3 Nxd4 17. Ng5 h6 18. Qh5 Bd7 19. Bg6 Raf8 20. Nh3 R4f6 21.
Rad1 e5 22. Qxe5 Rxg6 23. Nf4 Nf3+ 0-1

[Event "Druga Liga CS - Istok"]
[Site "?"]
[Date "2006.10.26"]
[Round "7.2"]
[White "Djokic, Nebojsa"]
[Black "Djokic, Vladan"]
[Result "0-1"]
[WhiteElo "2256"]
[BlackElo "2304"]
[PlyCount "48"]
[EventDate "2006.09.09"]

1. e4 c5 2. Nf3 e6 3. d4 cxd4 4. Nxd4 a6 5. Bd3 Nf6 6. O-O d6 7. Qe2 Nbd7 8. f4
Qc7 9. f5 e5 10. Nb3 d5 11. exd5 Nxd5 12. c4 Nb4 13. Be4 Nc5 14. Nxc5 Bxc5+ 15.
Kh1 f6 16. a3 Nc6 17. Bd5 g6 18. fxg6 hxg6 19. Rxf6 Nd4 20. Qf1 Nf5 21. Qf3 e4
22. Qxe4+ Kd8 23. Bf4 Ng3+ 24. Bxg3 Qxg3 0-1

[Event "Druga Liga CS - Istok"]
[Site "?"]
[Date "2006.10.26"]
[Round "7.2"]
[White "Zivkovic, Branimir"]
[Black "Garic, Radomir"]
[Result "1/2-1/2"]
[WhiteElo "2190"]
[BlackElo "2210"]
[PlyCount "23"]
[EventDate "2006.09.09"]

1. e4 c5 2. Nf3 Nc6 3. d4 cxd4 4. Nxd4 Qc7 5. Nc3 e6 6. Be2 a6 7. a4 Nf6 8. O-O
Bb4 9. Qd3 Qd6 10. Rd1 Qxd4 11. Qxd4 Nxd4 12. Rxd4 1/2-1/2

[Event "Druga Liga CS - Istok"]
[Site "?"]
[Date "2006.10.26"]
[Round "7.2"]
[White "Rajkovic, Ljubisa"]
[Black "Ilic, Slobodan"]
[Result "0-1"]
[WhiteElo "2207"]
[BlackElo "2225"]
[PlyCount "82"]
[EventDate "2006.09.09"]

1. d4 Nf6 2. Nf3 e6 3. c4 d5 4. Nc3 Be7 5. Bg5 O-O 6. e3 h6 7. Bh4 b6 8. cxd5
Nxd5 9. Bxe7 Qxe7 10. Nxd5 exd5 11. Rc1 Be6 12. Bd3 c5 13. dxc5 bxc5 14. O-O
Rc8 15. Qa4 a5 16. Rfe1 Qa7 17. e4 Bd7 18. Bb5 d4 19. Ne5 Bxb5 20. Qxb5 Qc7 21.
Nf3 Nd7 22. Nxd4 Rab8 23. Qe2 Qe5 24. Nb5 c4 25. Nc3 Nc5 26. Rc2 Nd3 27. Rd1
Re8 28. Rxd3 cxd3 29. Qxd3 Rbd8 30. Qf1 Rd4 31. g3 Red8 32. Qc1 Qh5 33. Kg2 f5
34. Qf4 fxe4 35. Nxe4 Qd5 36. f3 Rf8 37. Qg4 Rd3 38. Rc7 Qe5 39. Rc3 Rdxf3 40.
Qxf3 Rxf3 41. Kxf3 Qh5+ 0-1

[Event "Druga Liga CS - Istok"]
[Site "?"]
[Date "2006.10.26"]
[Round "7.2"]
[White "Stankovic, Dejan"]
[Black "Zivanovic, Nenad"]
[Result "1/2-1/2"]
[WhiteElo "2208"]
[BlackElo "2200"]
[PlyCount "83"]
[EventDate "2006.09.09"]

1. e4 e5 2. Nf3 Nc6 3. Bb5 a6 4. Ba4 Nf6 5. d4 exd4 6. O-O Be7 7. Re1 O-O 8. e5
Nd5 9. Nxd4 Nxd4 10. Qxd4 Nb6 11. Bb3 d5 12. exd6 Bxd6 13. Bf4 Bxf4 14. Qxf4
Bd7 15. Nc3 Bc6 16. Rad1 Nd7 17. Ne4 Rc8 18. Rd3 Qe7 19. Ree3 Qe5 20. Qxe5 Nxe5
21. Rd4 Rce8 22. Nc5 Rd8 23. c3 Ng6 24. g3 Rd6 25. f4 Rfd8 26. f5 Rxd4 27. cxd4
Nh8 28. d5 Bb5 29. a4 Be8 30. Nxb7 Rb8 31. Re7 Rc8 32. Nc5 Kf8 33. Re3 a5 34.
Nb7 Bd7 35. Nxa5 Bxf5 36. Nc6 Ng6 37. Rc3 Ke8 38. a5 Ra8 39. Ba4 Bd7 40. Re3+
Kf8 41. b4 f5 42. Bc2 1/2-1/2

[Event "Druga Liga CS - Istok"]
[Site "?"]
[Date "2006.10.26"]
[Round "7.3"]
[White "Krstic, Petar"]
[Black "Radosavljevic, Slobodan"]
[Result "1-0"]
[WhiteElo "2203"]
[BlackElo "2254"]
[PlyCount "71"]
[EventDate "2006.09.09"]

1. e4 c5 2. Nf3 Nc6 3. d4 cxd4 4. Nxd4 g6 5. Nc3 Bg7 6. Be3 Nf6 7. Bc4 O-O 8.
Bb3 d6 9. f3 Bd7 10. Qd2 Nxd4 11. Bxd4 b5 12. h4 a5 13. a4 bxa4 14. Bxa4 Be6
15. Nd5 Bxd5 16. exd5 Nh5 17. Bxg7 Nxg7 18. g4 Qb6 19. O-O-O Rab8 20. c3 f5 21.
Rh2 fxg4 22. fxg4 Rf3 23. Re1 Rg3 24. h5 Rxg4 25. Bd1 Rg3 26. hxg6 Rxg6 27.
Rxe7 a4 28. Qf2 Qxf2 29. Rxf2 Rg1 30. Ra7 h5 31. Rxa4 Re8 32. Kd2 Re5 33. Ra8+
Kh7 34. Bc2+ Kh6 35. Rf6+ Kg5 36. Rg6+ 1-0

[Event "Druga Liga CS - Istok"]
[Site "?"]
[Date "2006.10.26"]
[Round "7.3"]
[White "Markovic, Milan"]
[Black "Manic, Jovica"]
[Result "1-0"]
[WhiteElo "2323"]
[BlackElo "2272"]
[PlyCount "81"]
[EventDate "2006.09.09"]

1. g3 Nf6 2. Bg2 d5 3. f4 c5 4. Nf3 b5 5. a4 b4 6. O-O Bb7 7. d3 e6 8. Nbd2 Be7
9. Ne5 Qc7 10. g4 Nc6 11. g5 Nd7 12. Nxc6 Bxc6 13. Qe1 h6 14. g6 fxg6 15. e4 d4
16. Bh3 e5 17. Nc4 Bf6 18. Qg3 g5 19. fxe5 Nxe5 20. Rf5 Bd7 21. Rxe5+ Bxe5 22.
Bxd7+ Kxd7 23. Nxe5+ Ke6 24. Qg4+ Kd6 25. Ng6 Rhe8 26. h4 Re6 27. Nf4 Re5 28.
Ng6 Re6 29. hxg5 hxg5 30. Qxg5 Kd7 31. Nf4 Ree8 32. Qf5+ Kc6 33. Qd5+ Kb6 34.
Qxa8 Qd7 35. a5+ Kb5 36. Qd5 Qg4+ 37. Ng2 Qd1+ 38. Kh2 Re7 39. Bg5 Qh5+ 40. Kg3
Rf7 41. Nf4 1-0

[Event "Druga Liga CS - Istok"]
[Site "?"]
[Date "2006.10.26"]
[Round "7.3"]
[White "Nikolic, Boban"]
[Black "Popovic, Djordje"]
[Result "1-0"]
[WhiteElo "2222"]
[BlackElo "2312"]
[PlyCount "77"]
[EventDate "2006.09.09"]

1. d4 Nf6 2. c4 e6 3. Nf3 c5 4. g3 cxd4 5. Nxd4 Qa5+ 6. Nd2 Nc6 7. N4b3 Qh5 8.
Bg2 Be7 9. O-O d5 10. e4 Qxd1 11. Rxd1 d4 12. f4 e5 13. Nf3 Bg4 14. h3 Bxf3 15.
Bxf3 Nd7 16. Bd2 h5 17. Nc1 h4 18. Nd3 hxg3 19. Kg2 a5 20. a3 O-O 21. Kxg3 Bd6
22. Rac1 Rfd8 23. c5 Bc7 24. f5 a4 25. Rc4 g6 26. fxg6 fxg6 27. Rg1 Kh7 28. Bg5
Rf8 29. Bd1 Bd8 30. h4 Na5 31. Rxa4 Bxg5 32. hxg5 Rfc8 33. Bg4 Nxc5 34. Bxc8
Nxa4 35. Rc1 Rb8 36. Rc7+ Kg8 37. Nxe5 Nc6 38. Nd7 Nxb2 39. Nxb8 1-0

[Event "Druga Liga CS - Istok"]
[Site "?"]
[Date "2006.10.26"]
[Round "7.4"]
[White "Zafirovski, Mite"]
[Black "Raicevic, Ivica"]
[Result "1/2-1/2"]
[WhiteElo "2271"]
[BlackElo "2307"]
[PlyCount "22"]
[EventDate "2006.09.09"]

1. d4 e6 2. c4 Nf6 3. g3 Bb4+ 4. Bd2 a5 5. Bg2 c6 6. Nf3 d5 7. Qc2 O-O 8. O-O
b6 9. Bf4 Bd6 10. Bxd6 Qxd6 11. Nbd2 Ba6 1/2-1/2

[Event "Druga Liga CS - Istok"]
[Site "?"]
[Date "2006.10.26"]
[Round "7.4"]
[White "Milutinovic, Zoran"]
[Black "Turudic, Nenad"]
[Result "1/2-1/2"]
[WhiteElo "2174"]
[BlackElo "2233"]
[PlyCount "23"]
[EventDate "2006.09.09"]

1. d4 d6 2. Nf3 g6 3. c4 Bg7 4. Nc3 Nd7 5. g3 c5 6. Bg2 Ngf6 7. O-O O-O 8. b3
a6 9. Bb2 Rb8 10. a4 b6 11. h3 Bb7 12. d5 1/2-1/2

[Event "Druga Liga CS - Istok"]
[Site "?"]
[Date "2006.10.26"]
[Round "7.5"]
[White "Djukic, Zeljko"]
[Black "Pavlovic, Dejan"]
[Result "1/2-1/2"]
[WhiteElo "2409"]
[BlackElo "2308"]
[PlyCount "45"]
[EventDate "2006.09.09"]

1. d4 d5 2. c4 c6 3. Nf3 Nf6 4. Qc2 e6 5. Bf4 Be7 6. e3 O-O 7. Nbd2 b6 8. Bd3
Ba6 9. e4 dxc4 10. Nxc4 c5 11. dxc5 Nc6 12. a3 bxc5 13. O-O Rc8 14. Qe2 Nh5 15.
Bd2 g6 16. Rac1 Qc7 17. g3 Rfd8 18. Bc3 Qb8 19. Rfd1 Qb3 20. Nfd2 Qb8 21. Nf3
Qb3 22. Nfd2 Qb8 23. Nf3 1/2-1/2

[Event "Druga Liga CS - Istok"]
[Site "?"]
[Date "2006.10.26"]
[Round "7.5"]
[White "Stevanovic, Sladjan"]
[Black "Petkovic, Dragoslav"]
[Result "0-1"]
[WhiteElo "2253"]
[BlackElo "2305"]
[PlyCount "112"]
[EventDate "2006.09.09"]

1. d4 d6 2. e4 Nf6 3. Nc3 c6 4. Nf3 Bg4 5. Be2 e6 6. O-O Be7 7. Re1 O-O 8. Be3
d5 9. e5 Nfd7 10. Qd2 Bxf3 11. Bxf3 c5 12. Nb5 cxd4 13. Bxd4 Nc6 14. c4 Nxd4
15. Nxd4 Qb6 16. Nc2 Rac8 17. cxd5 Qxb2 18. dxe6 Nxe5 19. exf7+ Kh8 20. Be4 Ng4
21. Qd7 Nxf2 22. Qxe7 Nxe4 23. Qxe4 Rxc2 24. Rab1 Qxa2 25. Rxb7 Rf2 26. h3
R2xf7 27. Rxf7 Qxf7 28. Rb1 Qf2+ 29. Kh2 h5 30. Rb7 a6 31. Re7 Qf4+ 32. Qxf4
Rxf4 33. Re5 h4 34. g4 Rf6 35. Rh5+ Rh6 36. Ra5 Kg8 37. g5 Rb6 38. Kg2 Kf7 39.
Kf3 Kg6 40. Kg4 Rb4+ 41. Kf3 Rb3+ 42. Kg4 Rb4+ 43. Kf3 Rb5 44. Rxa6+ Kxg5 45.
Ra3 Kf5 46. Rc3 Kg5 47. Ra3 Rf5+ 48. Kg2 Kf4 49. Ra4+ Kg5 50. Ra3 Kh5 51. Rb3
Rg5+ 52. Kh2 Ra5 53. Rb2 Ra3 54. Rc2 g5 55. Rd2 Kg6 56. Rf2 Rg3 0-1

[Event "Druga Liga CS - Istok"]
[Site "?"]
[Date "2006.10.26"]
[Round "7.5"]
[White "Biljanic, Ljubomir"]
[Black "Panic, Milan"]
[Result "1/2-1/2"]
[WhiteElo "2279"]
[BlackElo "2167"]
[PlyCount "42"]
[EventDate "2006.09.09"]

1. d4 Nf6 2. c4 e6 3. Nf3 b6 4. Nc3 Bb7 5. a3 d5 6. cxd5 Nxd5 7. Qc2 Be7 8. e4
Nxc3 9. bxc3 O-O 10. Bd3 c5 11. O-O Qc8 12. Qe2 Ba6 13. c4 cxd4 14. e5 Nd7 15.
Ng5 Bxg5 16. Bxg5 Nc5 17. Bf6 gxf6 18. Bxh7+ Kxh7 19. Qh5+ Kg7 20. Qg4+ Kh6 21.
exf6 Rg8 1/2-1/2

[Event "Druga Liga CS - Istok"]
[Site "?"]
[Date "2006.10.26"]
[Round "7.5"]
[White "Stojanovic, Ivan"]
[Black "Kulak, Dejan"]
[Result "0-1"]
[WhiteElo "2234"]
[BlackElo "2275"]
[PlyCount "104"]
[EventDate "2006.09.09"]

1. e4 Nf6 2. Nc3 d5 3. e5 Nfd7 4. f4 c5 5. Nf3 Nc6 6. Bb5 e6 7. O-O Be7 8. Kh1
O-O 9. d3 f6 10. Qe2 Qc7 11. Bxc6 Qxc6 12. Bd2 f5 13. Qf2 b5 14. Ne2 b4 15. Be3
d4 16. Bd2 a5 17. b3 a4 18. Rfc1 Ba6 19. Neg1 Nb6 20. Nh3 Nd5 21. Nhg5 Ra7 22.
Rg1 Bd8 23. Rgf1 Bc8 24. Rfc1 Qa8 25. Qf1 g6 26. Qe1 h6 27. Nh3 Kh8 28. Qf1 Rg8
29. Qe1 Qc6 30. a3 bxa3 31. Rxa3 Ra6 32. Rca1 axb3 33. cxb3 Be7 34. Rxa6 Bxa6
35. Nf2 Qb6 36. Qd1 Rb8 37. Qc2 Kg7 38. h3 Bc8 39. Rb1 Bd7 40. Qa2 Rb7 41. Ne1
Bb5 42. Nd1 Bc6 43. Qc2 Ra7 44. Nb2 Ra2 45. Qd1 Nc3 46. Bxc3 dxc3 47. Nc4 Qb7
48. Nc2 Bxg2+ 49. Kh2 Bf3 50. Qc1 Qd5 51. N4e3 Qxd3 52. Kg3 Be4 0-1

[Event "Druga Liga CS - Istok"]
[Site "?"]
[Date "2006.10.26"]
[Round "7.5"]
[White "Pantic, Milivoje"]
[Black "Kolbert, Engelbert"]
[Result "0-1"]
[WhiteElo "2179"]
[BlackElo "2158"]
[PlyCount "66"]
[EventDate "2006.09.09"]

1. d4 Nf6 2. c4 g6 3. Nf3 Bg7 4. Nc3 O-O 5. e4 d6 6. Be2 e5 7. O-O Nc6 8. Be3
Ng4 9. Bg5 f6 10. Bc1 Nh6 11. d5 Ne7 12. b4 Nf7 13. a4 h6 14. Nd2 f5 15. a5 c6
16. a6 bxa6 17. Qa4 Bb7 18. f3 Rc8 19. Ndb1 Qb6+ 20. Kh1 cxd5 21. cxd5 fxe4 22.
fxe4 Ng5 23. Qd1 Qxb4 24. Bxg5 hxg5 25. Rxf8+ Rxf8 26. h3 Qd4 27. Ra4 Qb6 28.
Bg4 a5 29. Be2 Bc8 30. Nd2 Qe3 31. Ra3 Bxh3 32. Ncb1 Bxg2+ 33. Kh2 Qf2 0-1

[Event "Druga Liga CS - Istok"]
[Site "?"]
[Date "2006.10.26"]
[Round "7.6"]
[White "Dimitrijevic, Srdjan"]
[Black "Vojinovic, Goran"]
[Result "0-1"]
[WhiteElo "2308"]
[BlackElo "2461"]
[PlyCount "78"]
[EventDate "2006.09.09"]

1. d4 f5 2. Nf3 Nf6 3. g3 e6 4. Bg2 d5 5. O-O c6 6. Bf4 Be7 7. c4 O-O 8. Nc3
Ne4 9. Nxe4 fxe4 10. Ne5 Nd7 11. Nxd7 Bxd7 12. Qd2 Be8 13. c5 a5 14. Bh3 Bf7
15. b4 axb4 16. Qxb4 Ra7 17. Rfb1 Qa8 18. a4 b5 19. Ra3 Rxa4 20. Rba1 Rxb4 21.
Rxa8 Rb1+ 22. Kg2 Rxa1 23. Rxa1 Bf6 24. e3 Rc8 25. f3 g5 26. Bd6 h5 27. g4
exf3+ 28. Kxf3 h4 29. Ra6 Bg6 30. Bg2 b4 31. Rb6 Ra8 32. Bf1 Bd8 33. Rxb4 Ra2
34. Be2 Be4+ 35. Kf2 Ba5 36. Rb8+ Kf7 37. Rb7+ Kg6 38. Rb3 Kg7 39. Kf1 Ra1+ 0-1

[Event "Druga Liga CS - Istok"]
[Site "?"]
[Date "2006.10.26"]
[Round "7.6"]
[White "Raicevic, Vladimir"]
[Black "Manojlovic, Nebojsa"]
[Result "1-0"]
[WhiteElo "2446"]
[BlackElo "2172"]
[PlyCount "69"]
[EventDate "2006.09.09"]

1. d4 d5 2. c4 c6 3. Nc3 Nf6 4. e3 Bf5 5. cxd5 cxd5 6. Qb3 Bc8 7. Nf3 e6 8.
Bb5+ Nc6 9. O-O Bd6 10. Ne5 Bd7 11. f4 O-O 12. Bd2 Rc8 13. Rac1 Qe7 14. Bd3 Rb8
15. Qd1 Rfc8 16. Rf3 Be8 17. Rh3 g6 18. g4 Nd7 19. g5 f6 20. gxf6 Nxf6 21. Qf3
b5 22. Qf1 Qf8 23. Be1 Ne7 24. Bh4 b4 25. Ne2 Nf5 26. Bxf6 Qxf6 27. Ng3 Rc7 28.
Kh1 Bb5 29. Nxf5 gxf5 30. Rg3+ Kh8 31. Bxb5 Rxb5 32. Re1 Rb8 33. Qg2 Qf8 34.
Ng6+ hxg6 35. Rh3+ 1-0

[Event "Druga Liga CS - Istok"]
[Site "?"]
[Date "2006.10.26"]
[Round "7.6"]
[White "Puzic, Slobodan"]
[Black "Milenkovic, Mladen"]
[Result "0-1"]
[WhiteElo "2173"]
[BlackElo "2349"]
[PlyCount "94"]
[EventDate "2006.09.09"]

1. Nf3 c5 2. c4 g6 3. d4 cxd4 4. Nxd4 Bg7 5. e4 Nc6 6. Be3 Nf6 7. Nc3 Ng4 8.
Qxg4 Nxd4 9. Qd1 Ne6 10. Qd2 d6 11. Be2 Bd7 12. O-O Bc6 13. f3 a5 14. Rab1 a4
15. Rfc1 Qa5 16. Bf1 O-O 17. Rc2 Bxc3 18. Rxc3 b5 19. cxb5 Bxb5 20. Bxb5 Qxb5
21. Rbc1 Rfd8 22. Rd3 Rab8 23. Rc2 Qb7 24. h4 f6 25. Rd5 Kf7 26. Qd3 Rdc8 27.
Rxc8 Qxc8 28. Qe2 Rb4 29. Rd2 Rc4 30. Qd3 Qc6 31. Qd5 Qxd5 32. Rxd5 Rc2 33. Rd2
Rc1+ 34. Kf2 f5 35. exf5 gxf5 36. Rxd6 Ra1 37. Rd5 Rxa2 38. Rxf5+ Ke8 39. g4
Rxb2+ 40. Kg3 Rb3 41. Bf2 a3 42. Ra5 Nc7 43. Bc5 Rb5 44. Rxa3 Rxc5 45. Rb3 Kf7
46. g5 Ne6 47. Rb7 Rc3 0-1

[Event "Druga Liga CS - Istok"]
[Site "?"]
[Date "2006.10.26"]
[Round "7.6"]
[White "Jevtic, Sasa"]
[Black "Krstic, Ranko"]
[Result "0-1"]
[WhiteElo "2123"]
[BlackElo "2183"]
[PlyCount "94"]
[EventDate "2006.09.09"]

1. d4 Nf6 2. Nf3 d5 3. c4 dxc4 4. Nc3 a6 5. a4 Nc6 6. e3 Bg4 7. Bxc4 e6 8. h3
Bh5 9. O-O Bb4 10. Be2 O-O 11. Qb3 Rb8 12. Rd1 Qe7 13. Bd2 Bg6 14. Na2 Bd6 15.
Rac1 Ne4 16. Be1 Rfd8 17. Qc4 e5 18. d5 Na7 19. Bb4 c5 20. dxc6 Nxc6 21. Bxd6
Nxd6 22. Qc5 Rbc8 23. Qb6 e4 24. Ne1 Ra8 25. Nb4 Nxb4 26. Qxb4 Rd7 27. Rc2 Rad8
28. Rcd2 Bf5 29. Qc5 Be6 30. Qb4 f5 31. Nc2 Nc8 32. Rxd7 Rxd7 33. Rxd7 Qxb4 34.
Rxg7+ Kxg7 35. Nxb4 Kf6 36. Nc2 Bb3 37. Nd4 Bxa4 38. Nxf5 Kxf5 39. Bg4+ Ke5 40.
Bxc8 Bc6 41. Kf1 a5 42. Ke1 b5 43. Kd2 b4 44. Bg4 Bb5 45. b3 Bc6 46. f4+ exf3
47. Bxf3 Kd6 0-1

[Event "Druga Liga CS - Istok"]
[Site "?"]
[Date "2006.10.26"]
[Round "7.6"]
[White "Stankovic, Goran"]
[Black "Milosevic, Aleksandar"]
[Result "0-1"]
[WhiteElo "2074"]
[BlackElo "2255"]
[PlyCount "98"]
[EventDate "2006.09.09"]

1. e4 c5 2. c4 Nc6 3. Nc3 g6 4. g3 Bg7 5. Bg2 e6 6. Nge2 Nge7 7. O-O O-O 8. a3
a6 9. d3 Rb8 10. Be3 Nd4 11. a4 Nec6 12. Rb1 d6 13. f3 Bd7 14. Bf2 Kh8 15. b3
f5 16. Nxd4 Nxd4 17. Ne2 b5 18. Nxd4 Bxd4 19. Bxd4+ cxd4 20. axb5 axb5 21. Qd2
e5 22. f4 fxe4 23. Bxe4 Bh3 24. Bg2 Bxg2 25. Kxg2 bxc4 26. bxc4 Rxb1 27. Rxb1
exf4 28. gxf4 Qh4 29. Rf1 Qg4+ 30. Kh1 Qh3 31. Qe2 Kg7 32. Rf3 Re8 33. Rxh3
Rxe2 34. f5 Re3 35. Rh4 Rxd3 36. fxg6 hxg6 37. Kg2 Kf6 38. Kf2 Ke5 39. Rh6 Kf5
40. Rh4 g5 41. Rh6 Rc3 42. Rxd6 Rxc4 43. Rh6 Rc2+ 44. Kf3 g4+ 45. Kg3 Rc3+ 46.
Kf2 Rh3 47. Rd6 Rxh2+ 48. Kg3 Rh3+ 49. Kg2 Rd3 0-1